| 000 -LEADER | |
|---|---|
| fixed length control field | 00425nam a22001577a 4500 |
| 005 - DATE AND TIME OF LATEST TRANSACTION | |
| control field | 20250415120144.0 |
| 008 - FIXED-LENGTH DATA ELEMENTS--GENERAL INFORMATION | |
| fixed length control field | 250411b |||||||| |||| 00| 0 eng d |
| 041 ## - LANGUAGE CODE | |
| Language code of text/sound track or separate title | eng |
| 082 ## - DEWEY DECIMAL CLASSIFICATION NUMBER | |
| Classification number | 342.540 BAR-R |
| 100 ## - MAIN ENTRY--AUTHOR NAME | |
| Personal name | BARE ACT |
| 245 ## - TITLE STATEMENT | |
| Title | THE RIGHT TO INFORMATION ACT , [2005] [22 OF 2005] BARE ACT |
| 260 ## - PUBLICATION, DISTRIBUTION, ETC. (IMPRINT) | |
| Place of publication | DELHI |
| Name of publisher | PROFESSIONAL BOOKS PUBLISHERS |
| Year of publication | 2025 |
| 300 ## - PHYSICAL DESCRIPTION | |
| Number of Pages | 71;P |
| 650 ## - SUBJECT ADDED ENTRY--TOPICAL TERM | |
| Topical Term | LEGAL STUDIES |
| 942 ## - ADDED ENTRY ELEMENTS (KOHA) | |
| Koha item type | Books |
| Lost status | Damaged status | Collection code | Home library | Current library | Shelving location | Date acquired | Source of acquisition | Cost, normal purchase price | Full call number | Accession Number | Koha item type |
|---|---|---|---|---|---|---|---|---|---|---|---|
| Reference | JRU Library | JRU Library | SHELF-1-C | 10/04/2025 | PURCHASE | 140.00 | 342.540 | 28647 | Books | ||
| LAW | JRU Library | JRU Library | 10/04/2025 | PURCHASE | 140.00 | 342.540 | 28648 | Books | |||
| LAW | JRU Library | JRU Library | 10/04/2025 | PURCHASE | 140.00 | 342.540 | 28649 | Books |